| 000 | 00834nam a22002537a 4500 | ||
|---|---|---|---|
| 001 | BR9406340 | ||
| 003 | BR-BrBNA | ||
| 005 | 20230928094340.0 | ||
| 007 | ta | ||
| 008 | 230509b bl.||||| |||| 00| 0 por d | ||
| 040 |
_aBR-BrBNA _bpor _cBiblioteca Nacional de Agricultura |
||
| 041 | _a(Eng) | ||
| 072 | _aE21 | ||
| 090 | _ E21 BR9406340 | ||
| 110 | 1 |
_aUSAID, Rio de Janeiro, GB (Brasil) _911367 |
|
| 245 | 1 | _aA proposal for the use of title 2 section 202 P.L. 480 feed grains in poultry and animal production development in the area of Vitoria, state of Espirito Santo, Brazil. Food for peace | |
| 260 | 3 |
_aRio de Janeiro, GB (Brasil): _c1966. |
|
| 300 | _a38 p. | ||
| 650 | _aIndustria Agricola | ||
| 650 | _aDesenvolvimento Agricola | ||
| 650 | _aEspirito Santo | ||
| 909 |
_a202309 _bLucia _c55 _dLucia Elande |
||
| 942 | _cBK | ||
| 999 |
_c50217 _d50217 |
||